Statistics for Top 50 Spider-Man Villains

Click here to take the quiz!

General Stats

  • This quiz has been taken 194 times
  • The average score is 25 of 50

Answer Stats

#Answer% Correct
1Green Goblin
99%
2Venom
99%
3Doctor Octopus
97%
9Electro
94%
4Sandman
94%
5Vulture
93%
6Rhino
90%
11Lizard
89%
18Carnage
87%
7Mysterio
87%
14Kingpin
85%
10Kraven the Hunter
82%
8Scorpion
81%
13Shocker
78%
19Hobgoblin
77%
15Black Cat
72%
26Tombstone
64%
12Chameleon
61%
24Hammerhead
59%
20Hydro-Man
59%
27Mr. Negative
59%
23Morbius the Living Vampire
56%
32Prowler
49%
22Jackal
48%
16Tinkerer
47%
48Spot
46%
21Molten Man
43%
17Beetle
36%
34Silver Sable
36%
25Silvermane
33%
33Spider-Slayer
31%
45Big Wheel
28%
40Tarantula
27%
31Ox
25%
39Kaine
23%
29Montana
23%
44Boomerang
22%
30Fancy Dan
22%
49Rose
22%
28Big Man
20%
50Jack O'Lantern
20%
38Man-Wolf
20%
42Carrion
19%
35Swarm
18%
36Living Brain
16%
43Crime-Master
14%
41Human Fly
13%
47Rocket Racer
12%
37Cardiac
11%
46Stilt-Man
7%

Score Distribution

Percentile by Number Answered

Percent of People with Each Score

Your Score History

You have not taken this quiz